Gminy powiatu zawierciańskiego - Statystyki

Ogólne statystyki
  • Ten quiz został rozwiązany 30 razy
  • Średni wynik to 7 z 10
Statystyki odpowiedzi
Rodzaj Gmina % Poprawnych
Miejska Zawiercie
94%
Wiejsko-Miejska Łazy
83%
Miejska Poręba
83%
Wiejsko-Miejska Ogrodzieniec
78%
Wiejsko-Miejska Szczekociny
72%
Wiejska Kroczyce
67%
Wiejsko-Miejska Pilica
67%
Wiejska Włodowice
61%
Wiejska Irządze
44%
Wiejska Żarnowiec
39%
Nie znaleziono quizów pasujących do podanych kryteriów
Rozkład punktacji
Procent ludzi z każdym wynikiem
Percentyl według liczby udzielonych odpowiedzi
Twoja historia wyników
Nie rozwiązałeś tego quizu